| 000 | 00591nam a22002057a 4500 | ||
|---|---|---|---|
| 003 | OSt | ||
| 005 | 20140310182158.0 | ||
| 008 | 130902t xxu||||| |||| 00| 0 eng d | ||
| 020 | _a9715044476 | ||
| 050 |
_aBX 2435 _b.Ar667 1988 |
||
| 082 |
_aHS 359.23 _bAr1 1987 |
||
| 100 |
_aArbuckle, Gerald A. _916090 |
||
| 245 |
_aStrategies for growth in religious life / _cGerald A. Arbuckle. |
||
| 260 |
_aPhilippines : _bSt. Pauls Publications, _cc1988. |
||
| 300 |
_axix,240 p. : _c21 p, ; |
||
| 541 | _j1 | ||
| 562 | _e1 | ||
| 650 |
_aSpiritual exercises. _916091 |
||
| 942 |
_2lcc _cHS |
||
| 999 |
_c10146 _d10146 |
||